|
|
|
|
| LEADER |
00000nam0a2200000 4500 |
| 001 |
243895 |
| 005 |
20231101232015.0 |
| 010 |
|
|
|a 5030009302
|
| 020 |
|
|
|a RU
|b 89-10915
|
| 035 |
|
|
|a (RuTPU)RU\TPU\book\265249
|
| 090 |
|
|
|a 243895
|
| 100 |
|
|
|a 20131009d1989 k y0rusy5003 ca
|
| 101 |
1 |
|
|a rus
|c eng
|
| 102 |
|
|
|a RU
|
| 105 |
|
|
|a a z 001zy
|
| 200 |
1 |
|
|a Выветривание и рудные поля
|e пер. с англ.
|f Ж.-К. Самама
|
| 210 |
|
|
|a Москва
|c Мир
|d 1989
|
| 215 |
|
|
|a 446 с.
|c ил.
|
| 320 |
|
|
|a Библиогр. в конце глав.
|
| 320 |
|
|
|a Указ. предм., геогр. назв. и имен.: с. 435-445.
|
| 606 |
1 |
|
|a Рудоносные коры выветривания
|2 stltpush
|3 (RuTPU)RU\TPU\subj\26037
|9 50053
|
| 610 |
1 |
|
|a выветривание
|
| 610 |
1 |
|
|a рудные поля
|
| 610 |
1 |
|
|a геология
|
| 610 |
1 |
|
|a кора
|
| 610 |
1 |
|
|a геохимические особенности
|
| 610 |
1 |
|
|a рудные месторождения
|
| 610 |
1 |
|
|a рудопроявления
|
| 610 |
1 |
|
|a горные породы
|
| 610 |
1 |
|
|a процессы
|
| 675 |
|
|
|a 553.3/4.068
|v 3
|
| 700 |
|
1 |
|a Самама
|b Ж.-К.
|g Жан-Клод
|4 070
|
| 801 |
|
0 |
|a RU
|b RuMRKP
|c 19950417
|g psbo
|
| 801 |
|
1 |
|a RU
|b 63413507
|c 20131009
|
| 801 |
|
2 |
|a RU
|b 63413507
|c 20190204
|g RCR
|
| 942 |
|
|
|c BK
|